Historia sumaria de la Ciudad de México (Record no. 2629)

MARC details
000 -CABECERA
campo de control de longitud fija 00527nam a2200181 a 4500
001 - NÚMERO DE CONTROL
campo de control BRCA_2890
005 - FECHA Y HORA DE LA ÚLTIMA TRANSACCIÓN
campo de control 20190320204022.0
008 - DATOS DE LONGITUD FIJA--INFORMACIÓN GENERAL
campo de control de longitud fija 111208s1925----mx-a---###---#000-0#spa-u
050 #4 - SIGNATURA TOPOGRÁFICA DE LA BIBLIOTECA DEL CONGRESO
Número de clasificación F1386
Número de documento/Ítem .G35 1925
100 1# - ENTRADA PRINCIPAL--NOMBRE DE PERSONA
Nombre de persona Galindo y Villa, Jesus
Fechas asociadas al nombre 1867-1937
9 (RLIN) 8054
245 10 - MENCIÓN DE TÍTULO
Título Historia sumaria de la Ciudad de México
Mención de responsabilidad, etc. Jesus Galindo y Villa.
260 ## - PUBLICACIÓN, DISTRIBUCIÓN, ETC.
Lugar de publicación, distribución, etc. México
Nombre del editor, distribuidor, etc. Cultura
Fecha de publicación, distribución, etc. 1925
300 ## - DESCRIPCIÓN FÍSICA
Extensión 256 p.
Otras características físicas il., 64 láminas
Dimensiones 19 cm.
500 ## - NOTA GENERAL
Nota general B29
651 #4 - PUNTO DE ACCESO ADICIONAL DE MATERIA--NOMBRE GEOGRÁFICO
Nombre geográfico México (Ciudad)
Subdivisión general Historia
9 (RLIN) 5378
902 ## - CATALOGADOR
Iniciales GFM
942 ## - ELEMENTOS DE PUNTO DE ACCESO ADICIONAL (KOHA)
Fuente del sistema de clasificación o colocación Library of Congress Classification
Tipo de ítem Koha Libros
Holdings
Estado de retiro Estado de pérdida Estado dañado No para préstamo Localización permanente Ubicación/localización actual Fecha de adquisición Número de inventario Total de préstamos Signatura topográfica completa Código de barras Fecha visto por última vez Precio válido a partir de Tipo de ítem Koha
El ejemplar forma parte de la colección y puede ser consultado según las políticas vigentes.       Biblioteca del Museo Franz Mayer (Rogerio Casas-Alatriste) Biblioteca del Museo Franz Mayer (Rogerio Casas-Alatriste) 11/12/2008 B29   F1386 .G35 1925 (B29) 2887 22/03/2019 22/03/2019 Libros